1170 1377 1989 1338 1997 1672 1731 1687 1506 1270 1917 1163 1049 1865 1712 1712 1561 1047 1019 1531 1533 1538 1017 1577 1502 1226 1074 1056 1805 1369 1381 1398 1169 1492 1830 1203 1226 1627 1967 1767 1051 1887 1383 1249 1865 1703 1698 1189 1546 1054 1705 1739 2000 1174 1569 1433 1935 1746 1263 1504 1613 1374 1307 1176 1245 1229 1489 1881 1333 1454 1997 1523 1207 1247 1264 1599 1959 1186 1537 1119 1594 1732 1316 1572 1667 1552 1914 1594 1344 1592 1593 1484 1164 1818 1033 1483 1286 1712 1827 BCNSPRNW ULIB Ver.6.0+V

เปลี่ยนเป็นภาษาไทย

Change to English
 แสดงรายละเอียดบรรณานุกรม
  กลับหน้าหลัก

Brief Record : Get Marc (ISO 2709) : E-mail record : QR code < ปิดหน้าต่าง
LEADER : 00000nam 2200000uu 4500
001    13399124063
003     ULIB
008    150109s2555||||th 000 0 tha d
020    ^a9786167707082
060 04 ^aWV220^bร921
110 1  ^aมหาวิทยาลัยสงขลานครินทร์. ^bคณะแพทยศาสตร์. ^bหน่วยผลิตตำรา
245 00 ^aโรคของหูชั้นนอก =^bExternal ear /^cวันดี ไข่มุกด์, บรรณาธิการ
246 31 ^aExternal ear.
250    ^aพิมพ์ครั้งที่ 1
260    ^aสงขลา :^bหน่วยผลิตตำราคณะแพทยศาสตร์ มหาวิทยาลัยสงขลานครินทร์,^c2555.
300    ^a230 หน้า :^bภาพประกอบ
650  4 ^aหูชั้นนอก,โรค^xการรักษา ;^c27 ซม.
650  4 ^aหูชั้นนอก,โรค^xการวินิจฉัย
650  4 ^aหูชั้นนอก
700 0  ^aวันดี ไข่มุกด์,^eบรรณาธิการ
945    ^p550^l0^i038026
945    ^p550^l0^i038027
945    ^p550^l0^i038028
945    ^p550^l0^i038029
945    ^p550^l0^i038030
945    ^p550^l0^i038031
945    ^p550^l0^i038032
999    ^aเกษร โพธิ์สุวรรณ
รายการนี้ยังไม่มีแท็ก
คุณยังไม่ได้ล็อกอิน คุณสามารถมีกิจกรรมร่วมกับเว็บไซต์ได้ แต่ต้องล็อกอินก่อน ::
  ล็อกอิน

รายการสื่อสารสนเทศ

ลำดับที่ ประเภท เลขเรียก/บาร์โค้ด สถานที่ สถานะ
1. วิทยาศาสตร์การแพทย์ และสุขภาพ
หนังสือสำรอง
สถานะ=หนังสือสำรอง
WV220 ร921 ฉ.1 
  Barcode: 038026
ห้องสมุดวิทยาเขตสวรรค์ประชารักษ์
►ส่วนจัดเก็บหนังสือเก่า สปร
บนชั้น
  ขอยืม
2. วิทยาศาสตร์การแพทย์ และสุขภาพ
วิทยาศาสตร์การแพทย์ และสุขภาพ
WV220 ร921 ฉ.2 
  Barcode: 038027
ห้องสมุดวิทยาเขตสวรรค์ประชารักษ์
►ส่วนจัดเก็บหนังสือเก่า สปร
บนชั้น
  ขอยืม
3. วิทยาศาสตร์การแพทย์ และสุขภาพ
วิทยาศาสตร์การแพทย์ และสุขภาพ
WV220 ร921 ฉ.3 
  Barcode: 038028
ห้องสมุดวิทยาเขตสวรรค์ประชารักษ์
►ส่วนจัดเก็บหนังสือเก่า สปร
บนชั้น
  ขอยืม
4. วิทยาศาสตร์การแพทย์ และสุขภาพ
วิทยาศาสตร์การแพทย์ และสุขภาพ
WV220 ร921 ฉ.4 
  Barcode: 038029
ห้องสมุดวิทยาเขตสวรรค์ประชารักษ์
►ส่วนจัดเก็บหนังสือเก่า สปร
บนชั้น
  ขอยืม
5. วิทยาศาสตร์การแพทย์ และสุขภาพ
วิทยาศาสตร์การแพทย์ และสุขภาพ
WV220 ร921 ฉ.5 
  Barcode: 038030
ห้องสมุดวิทยาเขตสวรรค์ประชารักษ์
►ส่วนจัดเก็บหนังสือเก่า สปร
บนชั้น
  ขอยืม
6. วิทยาศาสตร์การแพทย์ และสุขภาพ
วิทยาศาสตร์การแพทย์ และสุขภาพ
สถานะ=หนังสือเก่า
WV220 ร921 ฉ.6 
  Barcode: 038031
ห้องสมุดวิทยาเขตสวรรค์ประชารักษ์
►ส่วนจัดเก็บหนังสือเก่า สปร
บนชั้น
  ขอยืม
7. วิทยาศาสตร์การแพทย์ และสุขภาพ
วิทยาศาสตร์การแพทย์ และสุขภาพ
WV220 ร921 ฉ.7 
  Barcode: 038032
ห้องสมุดวิทยาเขตสวรรค์ประชารักษ์
►หนังสือทั่วไป
บนชั้น

รายการใกล้เคียง
    หัวเรื่อง [หูชั้นนอก]

BibComment


ยังไม่เคยถูกคอมเมนท์

คอมเมนท์ทรัพยากรรายการนี้
  คอมเมนท์: โรคของหูชั้นนอก ..


 Copyright 2026. Bcnsprnw @Library